Connecting voices and expanding horizons (Record no. 56111)

000 -LEADER
fixed length control field 01095pab a2200169 454500
008 - FIXED-LENGTH DATA ELEMENTS--GENERAL INFORMATION
fixed length control field 180718b2002 xxu||||| |||| 00| 0 eng d
100 ## - MAIN ENTRY--PERSONAL NAME
Personal name Vyas, Anju
245 ## - TITLE STATEMENT
Title Connecting voices and expanding horizons
260 ## - PUBLICATION, DISTRIBUTION, ETC.
Date of publication, distribution, etc. 2002
300 ## - PHYSICAL DESCRIPTION
Extent p.55-60
362 ## - DATES OF PUBLICATION AND/OR SEQUENTIAL DESIGNATION
Dates of publication and/or sequential designation Dec
520 ## - SUMMARY, ETC.
Summary, etc. Anju Vyas describes the genesis, developments, doubts, dilemmas and challenges of moderating BOL, an electronic discussion list on gender issues in South Asia. She elaborates on the contents, subscribers; profile, methodology and technical issues relating to BOL. She strongly feels that e-discussion lists have immense potential for resource sharing, networking and advocacy activities which need to be fully explored and utilized by the women's groups and researchers in the South Asian region. She further shares her optimism about how this simple e-mail technology can connect researchers globally, forge collaborations and share information through the e-mail networks, and connect the people. - Reproduced.
650 ## - SUBJECT ADDED ENTRY--TOPICAL TERM
Topical term or geographic name entry element Information
650 ## - SUBJECT ADDED ENTRY--TOPICAL TERM
Topical term or geographic name entry element Electronic mail
773 ## - HOST ITEM ENTRY
Main entry heading Development
909 ## -
-- 56111
Holdings
Withdrawn status Lost status Damaged status Not for loan Permanent Location Current Location Date acquired Serial Enumeration / chronology Barcode Date last seen Price effective from Koha item type
        Indian Institute of Public Administration Indian Institute of Public Administration 2018-07-19 Volume no: 45, Issue no: 4 AR56556 2018-07-19 2018-07-19 Articles

Powered by Koha